000 00828nam a2200241 i 4500
001 36126
003 ES-MaACL
005 20230906155316.0
007 t|
008 030217s1984 sp ||||1| spa d
020 _a84-7114-068-3
100 1 _aBretaudeau, Jean.
_931619
245 1 0 _aPoda e injerto de frutales /
_cJean Bretaudeau ; versión española de Vicente Sotés Ruiz, Manuel Vázquez Prada Grande y Elisa Boix Aristu.
250 _a1ª ed.
260 _aMadrid :
_bMundi-Prensa,
_c1984.
300 _a111 p. :
_bil. ;
_c22 cm.
650 4 _aÁrboles frutales-
_xPoda.
_9153655
650 4 _aÁrboles frutales-
_xInjertos.
_9153656
700 1 _aSotés Ruiz, Vicente.
_9107468
700 1 _aVázquez-Prada Grande, Manuel.
_9113474
700 1 _aBoix Aristu, Elisa.
_929901
852 _aES-MaACL
_jL-11047
_bR.112788
999 _c36126
_d36126